000 00649nam a2200241 i 4500
001 C2-0343315
003 PPAK
005 20180728144523.0
008 170919s2017 mau |||| ||||| | eng d
020 _a9780544348677
040 _aPPAK
_beng
_cPPAK
_erda
082 0 4 _a823
_223
090 0 0 _a823
_bBUC
_dG
100 1 _aBuckley, Michael,
_eauthor
245 1 0 _aHeart of the storm
264 1 _aBoston, Massachusetts :
_bHoughton Mifflin Harcourt ,
_c2017
300 _a304 pages ;
_c22 cm
336 _2rdacontent
_atext
337 _2rdamedia
_aunmediated
338 _2rdacarrier
_avolume
650 1 0 _aEnglish fiction.
942 _ddc
_cB
999 _c140186
_d140186